Splatenie miliardového amerického dlhu voči OSN je ešte stále hudbou budúcnosti

Bibliographic Details
Main Author: Kostolný, Matúš, 1975- (Author)
Format: Article
Language:Slovak
Subjects:

MARC

LEADER 00000nab a2200000 a 4500
001 vtls000698158
003 SK-MaSNL
005 20260303191111.0
008 180205c1999 xo 0 slo
015 |a SNBRB1999/06-18176 
035 |a CLN000050325 
040 |a SNKBUCL  |b slo  |c SNKBUCL  |e AACR2 
041 0 |a slo 
044 |a xo  |c SK 
080 |a 061.1(100):339.72.053.1(73)  |2 UDC-MRF-SK2 
080 |a 339.72.053.1(73):061.1(100)  |2 UDC-MRF-SK2 
100 1 |a Kostolný, Matúš,  |d 1975-  |4 aut  |9 17275 
245 1 0 |a Splatenie miliardového amerického dlhu voči OSN je ešte stále hudbou budúcnosti  |c Matúš Kostolný 
610 7 |a OSN  |x Spojené štáty americké  |2 snkbucl  |9 862650 
655 7 |a články z novín a časopisov  |2 snkbucl  |9 267496 
773 0 |t Sme  |g Roč. 7, č. 144 (24.6.1999), s. 6 
850 |a Slovenská národná knižnica v Martine 
852 |a SNK  |b KIS3GCP 
958 |a RBX 
999 |c 2139395  |d 2141325